Online
Catalog

Curso de contabilidad para el segundo nivel : teoría y práctica, preguntas y problemas (Record no. 52243)

MARC details
000 -CABECERA
campo de control de longitud fija 00873nam a22002417a 4500
003 - IDENTIFICADOR DEL NÚMERO DE CONTROL
campo de control DO-SdBNP
005 - FECHA Y HORA DE LA ÚLTIMA TRANSACCIÓN
campo de control 20220727140257.0
008 - DATOS DE LONGITUD FIJA--INFORMACIÓN GENERAL
campo de control de longitud fija 220727b1999 |||a|||e ip|| 001 0 spa d
040 ## - FUENTE DE LA CATALOGACIÓN
Centro catalogador/agencia de origen DO-SdBNP
Lengua de catalogación spa
Centro/agencia transcriptor BNPHU
082 4# - NÚMERO DE LA CLASIFICACIÓN DECIMAL DEWEY
Número de edición 22
Número de clasificación 657.044
Número de documento/Ítem D278c
100 #0 - ENTRADA PRINCIPAL--NOMBRE DE PERSONA
9 (RLIN) 53727
Nombre de persona De la Rosa, Víctor R.
245 10 - MENCIÓN DE TÍTULO
Título Curso de contabilidad para el segundo nivel : teoría y práctica, preguntas y problemas
Resto del título teoría y práctica, preguntas y problemas /
Mención de responsabilidad, etc. Víctor R. De la Rosa, Dámaso A. Toribio L., Luis E. Madrigal
250 ## - MENCIÓN DE EDICIÓN
Mención de edición 2da. ed.
260 ## - PUBLICACIÓN, DISTRIBUCIÓN, ETC.
Lugar de publicación, distribución, etc. Santo Domingo :
Nombre del editor, distribuidor, etc. [ s.n.],
Fecha de publicación, distribución, etc. 1999.
300 ## - DESCRIPCIÓN FÍSICA
Extensión 219 p. :
Otras características físicas il. ;
Dimensiones 23 cm
504 ## - NOTA DE BIBLIOGRAFÍA, ETC.
Nota de bibliografía, etc. Bibliografía: p. 219
590 ## - NOTA LOCAL (RLIN)
Nota local Inventariado, 2022 / SA
650 4# - PUNTO DE ACCESO ADICIONAL DE MATERIA--TÉRMINO DE MATERIA
9 (RLIN) 20156
Término de materia o nombre geográfico como elemento de entrada Contabilidad
Subdivisión general Enseñaza
700 1# - PUNTO DE ACCESO ADICIONAL--NOMBRE DE PERSONA
Nombre de persona Toribio L., Dámaso A.
9 (RLIN) 21615
700 1# - PUNTO DE ACCESO ADICIONAL--NOMBRE DE PERSONA
Nombre de persona Madrigal, Luis E.
9 (RLIN) 21616
910 ## - DATOS DE OPCIÓN DEL USUARIO (OCLC)
Datos de opción del usuario Saquino
942 ## - ELEMENTOS DE PUNTO DE ACCESO ADICIONAL (KOHA)
Fuente del sistema de clasificación o colocación Dewey Decimal Classification
Tipo de ítem Koha Libro
Holdings
Estado de retiro Estado de pérdida Fuente del sistema de clasificación o colocación Restricciones de uso No para préstamo Código de colección Localización permanente Ubicación/localización actual Ubicación en estantería Fecha de adquisición Fuente de adquisición Total de préstamos Signatura topográfica completa Código de barras Fecha visto por última vez Precio válido a partir de Tipo de ítem Koha
    Dewey Decimal Classification Excluido de préstamo   Infantojuvenil Patrimonio Dominicano Biblioteca Nacional Pedro Henríquez Ureña Biblioteca Nacional Pedro Henríquez Ureña En catalogación 03.07.2018 Donado   BNPHU PD 657.044 D278c 2do. nivel 2022-3575 27.07.2022 27.07.2022 Libro

Powered by Koha